Darts A-Z - Statistiken

Allgemein
  • Dieses Quiz wurde 1.452 mal gespielt
  • Das Durchschnittsergebnis liegt bei 17 aus 26
Antwortstatistiken
# Hinweis Antwort % Korrekt
B Mitte der Dartsscheibe Bullseye
100%
A Ort, an dem seit 2008 die Weltmeisterschaft von #P ausgetragen wird Alexandra Palace
94%
D Die Punkte zählen beim äußeren Ring des Boards ... doppelt
93%
C Bezeichnung für den Schiedsrichter beim Darts Caller
91%
H Bezeichnung für Finishes über 100 Punkten High-Finish
91%
P Mittlerweile größter Darts-Verband Professional Darts Corporation
90%
F Hinterster Teil eines Darts Flight
88%
N Bezeichnung dafür, wenn jemand ein Leg von 501 schnellstmöglich, mit der geringsten Anzahl an Würfen, beendet Nine-Darter
87%
T Darts-Spieler mit den meisten gewonnen Weltmeisterschaften (Nachname) Taylor
87%
M Bezeichnung für die Doppel 1 Madhouse
84%
G Aufforderung des #C das Spiel zu starten Game On
82%
J Bester portugiesischer Darts-Spieler (Vorname) José de Sousa
81%
S Bezeichnung für ein 120er-Finish, bei dem man nur über die 20 geht Shanghai
80%
Y Weltmeister aus Wales (Vorname) Enthält ein Y! Gerwyn Price
70%
V Jüngster Spieler, der Weltmeister geworden ist (Nachname) van Gerwen
67%
X Erster deutscher Spieler, der ein European Tour Turnier gewinnen konnte (Vorname) Enthält ein X! Max Hopp
64%
O Bezeichnung für die Wurflinie Oche
61%
Z Österreichische Geschwister, von denen es einer im Jahr 2021 zusammen mit Mensur Suljovic bis ins Finale des World Cup Of Darts schaffte (Nachname) Enthält ein Z! Rodriguez
60%
Q Möglichkeit für Spieler ohne Tourcard sich für Players Championships oder auch UK Open Qualifier Turniere zu qualifizieren Q-School
56%
I Nickname von #Y Iceman
49%
E Rekordweltmeister der BDO (Vorname) Eric Bristow
38%
W Nachfolger der BDO World Darts Federation
37%
U Englischer Darts-Spieler, der in 2022 auch an der Premier League teilnimmt (Nachname) Enthält ein U! Cullen
34%
K Englischer Dartsspieler, dessen Nachname auch sein Nickname ist (Nachname) King
30%
L Erster Spieler, der vor TV-Kameras einen #N geworfen hat (Nachname) Lowe
26%
R Spieler, der die erste Weltmeisterschaft der BDO im Jahr 1978 gewonnen hat (Nachname) Rees
10%
Keine übereinstimmenden Quizze gefunden
Verteilung der Resultate
Anzahl Personen mit jedem Resultat
Perzentil nach korrekt beantworteten Fragen
Ihre Resultats-Entwicklung
Sie haben dieses Quiz noch nicht gespielt